000 00354nam a2200145Ia 4500
008 230711s9999||||xx |||||||||||||| ||und||
041 _aENG
082 _a5
_bIN-E
100 _aINTEL
245 0 _a16-/32-bit embedded processor handbook / Intel
250 _a1st Ed.
260 _c1990
_aNew Delhi
_bINTEL
650 _aComputer Engineering
942 _cBK
999 _c1712
_d1712